000 01164naa a22002537a 4500
001 BR7405279
003 BR-BrBNA
005 20240918173607.0
007 ta
008 230509b bl.||||| |||| 00| 0 por d
040 _aBR-BrBNA
_bpor
_cBiblioteca Nacional de Agricultura
041 _a(Pt)
072 _aF28
090 _aF28 BR7405279
100 1 _aMarques, J.Q. de A.
111 1 _aMesas Redondas de Algodao, do Cafe e da Conservacao do Solo
_cSao Paulo, SP (Brazil)
_d1948
245 1 _aPlanejamento conservacionista [Erosao do solo]
260 3 _aSao Paulo, SP (Brasil):
_c1950.
500 _aAnais das Mesas Redondas do Algodao, do Cafe e da Conservacao do Solo; organizadas sob os auspicios do Instituto de Economia Rural 1948-1949. Teses apresentadas Sao Paulo, SP (Brasil): 1950. p. 295-301 (BR7405279-AM)F28
650 _aCONSERVACAO DO SOLO
773 0 _tAnais das Mesas Redondas do Algodao, do Cafe e da Conservacao do Solo; organizadas sob os auspicios do Instituto de Economia Rural 1948-1949. Teses apresentadas
_b
_wF28 BR7405279
_gSao Paulo, SP (Brasil), 1950. p. 295-301
909 _a202404
_bLucia
_c55
_dLucia Elande
942 _cAM
_2AGRIS
999 _c305630
_d305630